000 00655nam a2200205Ii 4500
003 JO-AjNU
008 230605s9999||||xx |||||||||||||| ||und||
040 _aJO-AjNU
_bara
_erda
_cJO-AjNU
041 _aara
050 1 4 _aLB2833.Z446 1981
100 3 _aزيدان،محمد مصطفى,
_eauthor
_920279
245 0 0 _aالكفاية الإنتاجية للمدرس
250 _aط1
264 3 1 _aجدة:دار الشروق،1981
300 _a375ص
336 _atext
_btxt
_2rdacontent
337 _aunmediated
_bn
_2rdamedia
338 _avolume
_bnc
_2rdacarrier
650 4 _aالمدرسون-تقدير. الكفاية الإنتاجية
_920280
999 _aA6844
_c10412
_d10412